[Event "AUTO-INT-2951"]
[Site "http://www.queenalice.com/game.php?id=1338236"]
[Date "2015.1.30"]
[Round "1"]
[White "botafoguense"]
[Black "Goudan"]
[Result "1-0"]
[WhiteElo "1613"]
[BlackElo "1477"]

1. d4 e6 2. Be3 d5 3. c3 Nf6 4. f3 Bd6 5. g3 O-O 6. Nd2 Nc6 7. Qc2 e5 8. O-O-O
exd4 9. Bg5 dxc3 10. bxc3 Ba3+ 11. Kb1 g6 12. Ka1 1-0

[Event "AUTO-INT-2951"]
[Site "http://www.queenalice.com/game.php?id=1338237"]
[Date "2015.1.30"]
[Round "1"]
[White "Goudan"]
[Black "botafoguense"]
[Result "0-1"]
[WhiteElo "1488"]
[BlackElo "1602"]

1. e4 Nc6 2. Bc4 e5 3. Nf3 f6 4. Nc3 a6 5. O-O Nge7 6. d3 Na5 7. Nd2 b5 8. Bd5
Rb8 9. Nb3 c6 10. Nxa5 Qxa5 11. Bb3 Ng6 0-1

[Event "AUTO-INT-2959"]
[Site "http://www.queenalice.com/game.php?id=1342117"]
[Date "2015.2.17"]
[Round "1"]
[White "ModernWarlord"]
[Black "Goudan"]
[Result "1-0"]
[WhiteElo "1839"]
[BlackElo "1447"]

1. d4 e6 2. c4 Nf6 3. Bg5 Nc6 4. Nf3 h6 5. Bxf6 Qxf6 6. g3 Bb4+ 7. Nc3 O-O 8.
Qc2 Nxd4 9. Qd3 Nxf3+ 10. exf3 d5 11. cxd5 exd5 12. O-O-O 1-0

[Event "AUTO-INT-2959"]
[Site "http://www.queenalice.com/game.php?id=1342118"]
[Date "2015.2.17"]
[Round "1"]
[White "Goudan"]
[Black "ModernWarlord"]
[Result "0-1"]
[WhiteElo "1447"]
[BlackElo "1840"]

1. e4 c5 2. Bc4 d6 3. Nf3 Nf6 4. O-O g6 5. Nc3 a6 6. d4 cxd4 7. Qxd4 Bg7 8. Ng5
O-O 9. Nd5 Nxd5 10. Qxd5 e6 11. Qd3 Bxb2 12. Bxb2 Qxg5 0-1

[Event "AUTO-INT-2959"]
[Site "http://www.queenalice.com/game.php?id=1342135"]
[Date "2015.2.17"]
[Round "1"]
[White "Fariajj"]
[Black "Goudan"]
[Result "0-1"]
[WhiteElo "1399"]
[BlackElo "1491"]

1. d4 e6 2. c4 c5 3. e3 Nf6 4. Nc3 cxd4 5. exd4 Bb4 6. g3 O-O 7. a3 Bxc3+ 8.
bxc3 d5 9. c5 Nc6 10. Bg2 b6 11. Ne2 Bb7 12. Bg5 bxc5 0-1

[Event "AUTO-INT-2959"]
[Site "http://www.queenalice.com/game.php?id=1342136"]
[Date "2015.2.17"]
[Round "1"]
[White "Goudan"]
[Black "Fariajj"]
[Result "1-0"]
[WhiteElo "1503"]
[BlackElo "1387"]

1. e4 c5 2. Bc4 Nc6 3. Nf3 d6 4. O-O Bg4 5. Nc3 a6 6. Ne5 Nxe5 7. Be2 Bxe2 8.
Qxe2 b5 9. d4 cxd4 10. Nd5 e6 11. Nf4 Nf6 12. c3 dxc3 13. bxc3 1-0

[Event "AUTO-INT-2993"]
[Site "http://www.queenalice.com/game.php?id=1356902"]
[Date "2015.5.1"]
[Round "1"]
[White "Goudan"]
[Black "tango2011"]
[Result "0-1"]
[WhiteElo "1468"]
[BlackElo "1454"]

1. e4 e6 2. Nf3 d6 3. Nc3 e5 4. Bc4 Be7 5. O-O Nf6 6. d4 exd4 7. Nxd4 O-O 8. Nd5
Nxd5 9. Bxd5 c6 10. Bb3 c5 11. Nf3 Nc6 12. Bf4 Qb6 13. a3 Bf6 14. c3 Bg4 15. Ba4
Ne5 16. h3 Nxf3+ 17. gxf3 Be6 18. Qxd6 Qxb2 19. Qxc5 Bxh3 20. Rab1 Qe2 21. Qh5
Bxf1 22. Rxf1 g6 0-1

[Event "AUTO-INT-2993"]
[Site "http://www.queenalice.com/game.php?id=1356903"]
[Date "2015.5.1"]
[Round "1"]
[White "tango2011"]
[Black "Goudan"]
[Result "1-0"]
[WhiteElo "1434"]
[BlackElo "1486"]

1. d4 e6 2. e4 d5 3. e5 Nc6 4. c3 f6 5. Bb5 Ne7 6. Ne2 a6 7. Bd3 fxe5 8. dxe5
Nxe5 9. O-O Nxd3 10. Qxd3 Qd6 11. Bf4 Qc5 12. b4 Qc6 13. Nd4 Qb6 14. Re1 Bd7 15.
a4 a5 16. b5 O-O-O 17. Nd2 Nf5 18. N4f3 Bd6 19. Bxd6 Qxd6 20. Nd4 Rhf8 21. N4f3
Nh6 22. Qxh7 Ng4 23. g3 1-0

[Event "AUTO-INT-2993"]
[Site "http://www.queenalice.com/game.php?id=1356904"]
[Date "2015.5.1"]
[Round "1"]
[White "Goudan"]
[Black "NickThorp"]
[Result "0-1"]
[WhiteElo "1496"]
[BlackElo "1657"]

1. e4 e5 2. Nf3 Nc6 3. Bc4 Bc5 4. O-O d6 5. Nc3 Bg4 6. h3 Bh5 7. a3 Nf6 8. d3
O-O 9. b4 Bd4 10. Bb2 a6 11. Qd2 Bxf3 12. gxf3 Bxc3 13. Bxc3 b5 14. Bb3 Qd7 15.
Kh2 h6 16. Rg1 g5 17. h4 Kh7 18. hxg5 Ng8 19. f4 Qe6 20. Bxe6 fxe6 21. gxh6 Nxh6
22. fxe5 dxe5 23. Qg5 Rxf2+ 24. Rg2 Rxg2+ 25. Kxg2 Rg8 26. Qxg8+ Nxg8 27. Rf1
Kg7 0-1

[Event "AUTO-INT-2993"]
[Site "http://www.queenalice.com/game.php?id=1356905"]
[Date "2015.5.1"]
[Round "1"]
[White "NickThorp"]
[Black "Goudan"]
[Result "1-0"]
[WhiteElo "1647"]
[BlackElo "1506"]

1. e4 e5 2. Nf3 Nc6 3. Bb5 Nge7 4. O-O a6 5. Ba4 b5 6. Bb3 Bb7 7. d3 d5 8. Bg5
dxe4 9. dxe4 Qd6 10. Qxd6 cxd6 11. Nc3 h6 12. Bh4 g5 13. Bg3 O-O-O 14. Bxf7 Na5
15. b4 Nc4 16. Bxc4 bxc4 17. a4 g4 18. Nh4 Bg7 19. Rfe1 d5 20. Nf5 Nxf5 21. exf5
e4 22. Ra3 Rhf8 23. b5 Rxf5 24. Bh4 Re8 25. bxa6 Bxa6 26. Re3 d4 27. Rg3 1-0

[Event "AUTO-INT-3005"]
[Site "http://www.queenalice.com/game.php?id=1363062"]
[Date "2015.6.2"]
[Round "1"]
[White "Givanildo"]
[Black "Goudan"]
[Result "1-0"]
[WhiteElo "1680"]
[BlackElo "1451"]

1. e3 e5 2. d4 Qf6 3. Nf3 Bd6 4. dxe5 Bxe5 5. Na3 Nc6 6. c3 Nge7 7. Bd3 O-O 8.
Be4 Bxc3+ 9. bxc3 Qxc3+ 10. Bd2 Qxa3 11. O-O d5 12. Bc2 Bg4 13. Bxh7+ Kxh7 14.
Ng5+ Kg8 15. Qxg4 f6 16. Ne6 1-0

[Event "AUTO-INT-3005"]
[Site "http://www.queenalice.com/game.php?id=1363063"]
[Date "2015.6.2"]
[Round "1"]
[White "Goudan"]
[Black "Givanildo"]
[Result "0-1"]
[WhiteElo "1521"]
[BlackElo "1636"]

1. e4 d5 2. exd5 Qxd5 3. Nc3 Qe6+ 4. Be2 Bd7 5. Nf3 h6 6. O-O Nc6 7. d4 O-O-O 8.
d5 Qf6 9. Be3 Ne5 10. Nxe5 Qxe5 11. Bxa7 e6 12. Qd3 exd5 13. Qa6 Bc6 14. Qa3
Bxa3 0-1

[Event "AUTO-INT-3005"]
[Site "http://www.queenalice.com/game.php?id=1363076"]
[Date "2015.6.2"]
[Round "1"]
[White "Goudan"]
[Black "Cesar"]
[Result "0-1"]
[WhiteElo "1510"]
[BlackElo "1934"]

1. e4 e5 2. Nf3 Nc6 3. Bc4 h6 4. O-O Nf6 5. Nc3 d6 6. d4 Nxd4 7. Nxd4 exd4 8.
Qxd4 c5 9. Qd3 Be7 10. Bb5+ Bd7 11. Bxd7+ Qxd7 12. Nd5 Nxd5 13. Qxd5 O-O 14. e5
Rad8 15. exd6 Bxd6 16. Qh5 Qe6 17. Bd2 Be5 18. Bc3 Rd5 0-1

[Event "AUTO-INT-3005"]
[Site "http://www.queenalice.com/game.php?id=1363077"]
[Date "2015.6.2"]
[Round "1"]
[White "Cesar"]
[Black "Goudan"]
[Result "1-0"]
[WhiteElo "1936"]
[BlackElo "1508"]

1. e4 e5 2. Nf3 Nc6 3. Bc4 Be7 4. Nc3 h6 5. a3 Nf6 6. d3 O-O 7. O-O Na5 8. Ba2
d5 9. Bd2 dxe4 10. dxe4 Bg4 11. h3 Bxf3 12. Qxf3 Qxd2 13. Rac1 Nc6 14. Rfd1 Qf4
15. Qe2 Nd4 16. Qe1 c6 17. f3 Bc5 18. Kh1 1-0

[Event "AUTO-INT-3005"]
[Site "http://www.queenalice.com/game.php?id=1363078"]
[Date "2015.6.2"]
[Round "1"]
[White "Goudan"]
[Black "zmanomega"]
[Result "0-1"]
[WhiteElo "1444"]
[BlackElo "1657"]

1. e4 Nf6 2. Qf3 e5 3. Nc3 Bb4 4. Bd3 Nc6 5. Nge2 Bxc3 6. Nxc3 Nb4 7. O-O Nxd3
8. Qxd3 d6 9. b3 Ng4 10. Qg3 c6 11. h3 b5 12. hxg4 b4 13. Ne2 Qg5 14. d4 Qxg4
15. dxe5 d5 16. Qxg4 Bxg4 17. f3 Be6 18. exd5 Bxd5 19. Nf4 a5 20. Nxd5 cxd5 0-1

[Event "AUTO-INT-3005"]
[Site "http://www.queenalice.com/game.php?id=1363079"]
[Date "2015.6.2"]
[Round "1"]
[White "zmanomega"]
[Black "Goudan"]
[Result "0-1"]
[WhiteElo "1646"]
[BlackElo "1499"]

1. e4 e5 2. Nc3 Nf6 3. Nh3 Bb4 4. f3 O-O 5. Ng5 Nc6 6. Nb5 a6 7. Nc3 h6 8. Nh3
d5 9. Bd3 dxe4 10. Bxe4 Bxh3 11. gxh3 Nxe4 12. fxe4 Qh4+ 13. Kf1 Qxh3+ 14. Kg1
Bc5+ 15. d4 Bxd4+ 0-1